Μεγγελάνος : ο άνθρωπος και το έργο του

Saved in:
Bibliographic Details
Main Author: Zweig, Stefan, 1881-1942
Other Authors: Λάμψας, Γιάννης, 1921-2002 (Translator)
Format: Book
Language:Greek
German
Published: Αθήνα : Σμυρνιώτης, [19--].
Series:Τα Νόμπελ - Παγκόσμια λογοτεχνία
Subjects:
Tags: Add Tag
No Tags, Be the first to tag this record!

MARC

LEADER 00000cam a2200000 i 4500
001 1/103934
008 090408q19701980gr | ||| |||| ||gre||
035 |l 10104236 
040 |a GR-MyUA  |b gre  |e AACR2 
041 1 |a gre  |h ger 
082 0 |a 910.92  |2 (22) 
100 1 |a Zweig, Stefan,   |d 1881-1942. 
245 1 0 |a Μεγγελάνος :   |b ο άνθρωπος και το έργο του /   |c Στέφαν Τσβάϊχ ; μετάφραση Γιάννη Λάμψα.  
260 |a Αθήνα :   |b Σμυρνιώτης,   |c [19--].  
300 |a 311 σ. ;   |c 21 εκ.  
490 1 |a (Τα Νόμπελ - Παγκόσμια λογοτεχνία)  
500 |a Τίτλος πρωτοτύπου: Magellan.  
600 1 0 |a Magalhaes, Fernao de,   |d -1521. 
650 0 0 |a Explorers  |z Portugal  |x Biography. 
650 0 0 |a Travelers. 
650 0 0 |a German literature. 
700 1 |a Λάμψας, Γιάννης,   |d 1921-2002,  |e trl 
830 0 |a Τα Νόμπελ - Παγκόσμια λογοτεχνία 
852 |a INST  |b RHODES  |c AKA  |e 20090408  |h  910.92 ZWE  |p 005400032028  |q 005400032028  |t BK  |y 0 
901 |a BIBL4-2009-1 
909 |a Ρ  |b 157081 
970 |a ΚΟΖΑ  |b ΜΑΡΙΑ  |z 2009/04/08